Մկրտիչ Սէրթշիմշէք: (Record no. 66331)
[ view plain ]
| 000 -LEADER | |
|---|---|
| fixed length control field | 01405nam a22002537a 4500 |
| 003 - CONTROL NUMBER IDENTIFIER | |
| control field | SEM |
| 005 - DATE AND TIME OF LATEST TRANSACTION | |
| control field | 20220608073647.0 |
| 008 - FIXED-LENGTH DATA ELEMENTS--GENERAL INFORMATION | |
| fixed length control field | 170420b xxu||||| |||| 00| 0 arm |
| 040 ## - CATALOGING SOURCE | |
| Original cataloging agency | |
| Transcribing agency | |
| 041 0# - LANGUAGE CODE | |
| Language code of text/sound track or separate title | arm. |
| 245 00 - TITLE STATEMENT | |
| Title | Մկրտիչ Սէրթշիմշէք: |
| Remainder of title | Ծառայութեան 55 տարիներ:/ |
| Statement of responsibility, etc. | Հրատ. պատ.` Յ. աբղ. Տամատեան և ուրիշ. |
| 246 ## - VARYING FORM OF TITLE | |
| Title proper/short title | [Մկրտիչ Սերթշիմշեք]. |
| Remainder of title | [Ծառայության 55 տարիներ]: |
| 260 ## - PUBLICATION, DISTRIBUTION, ETC. | |
| Place of publication, distribution, etc. | Ստամբուլ: |
| Name of publisher, distributor, etc. | Ա. հ., |
| Date of publication, distribution, etc. | [2016]. |
| 300 ## - PHYSICAL DESCRIPTION | |
| Extent | 306 էջ; |
| Other physical details | նկ.; |
| Dimensions | 30 սմ. |
| 600 10 - SUBJECT ADDED ENTRY--PERSONAL NAME | |
| Personal name | Սէրթշիմշէք Մկրտիչ |
| Fuller form of name | (Սերթշիմշեք Մկրտիչ) |
| 650 ## - SUBJECT ADDED ENTRY--TOPICAL TERM | |
| Topical term or geographic name entry element | Հայ քանդակագործներ |
| General subdivision | կենսագրություն |
| 650 ## - SUBJECT ADDED ENTRY--TOPICAL TERM | |
| Topical term or geographic name entry element | Ոսկերչություն |
| Form subdivision | Եկեղեցական իրեր, պարագաներ |
| 650 ## - SUBJECT ADDED ENTRY--TOPICAL TERM | |
| Topical term or geographic name entry element | Արծաթագործություն |
| Form subdivision | Եկեղեցական իրեր, պարագաներ |
| 700 1# - ADDED ENTRY--PERSONAL NAME | |
| Personal name | Տամատեան Յարութիւն |
| Relationship | հրատ. պատ. |
| Titles and other words associated with a name | աբղ. |
| Relator term | comp. |
| Fuller form of name | (Տամատյան Հարություն) |
| 700 1# - ADDED ENTRY--PERSONAL NAME | |
| Personal name | Տամատեան Գրիգոր |
| Relationship | հրատ. պատ. |
| Titles and other words associated with a name | ավ. քհն. |
| Relator term | comp. |
| Fuller form of name | (Տամատյան Գրիգոր) |
| 700 1# - ADDED ENTRY--PERSONAL NAME | |
| Personal name | Սերոբեան Վաղարշակ |
| Relationship | հրատ. պատ. |
| Titles and other words associated with a name | սրկ. |
| Relator term | comp. |
| Fuller form of name | (Սերոբյան Վաղարշակ) |
| 700 1# - ADDED ENTRY--PERSONAL NAME | |
| Personal name | Մաթ Թէոման |
| Relationship | հրատ. պատ. |
| Relator term | comp. |
| Fuller form of name | (Մաթ Թեոման) |
| 942 ## - ADDED ENTRY ELEMENTS (KOHA) | |
| Source of classification or shelving scheme | Universal Decimal Classification |
| Koha item type | Գրքեր/Books |
| Withdrawn status | Lost status | Source of classification or shelving scheme | Damaged status | Not for loan | Collection code | Home library | Current library | Date acquired | Cost, normal purchase price | Inventory number | Total Checkouts | Full call number | Barcode | Date last seen | Price effective from | Koha item type | Public note |
|---|---|---|---|---|---|---|---|---|---|---|---|---|---|---|---|---|---|
| Universal Decimal Classification | Գրապահոց | Մայր Աթոռ Սուրբ Էջմիածին «Վաչե և Թամար Մանուկյան» Մատենադարան | Մայր Աթոռ Սուրբ Էջմիածին «Վաչե և Թամար Մանուկյան» Մատենադարան | 21/04/2017 | 15000.00 | 26695 | 92:73(47.925)/Ս-43 | 26695 | 21/04/2017 | 08/06/2022 | Գրքեր/Books | Սպասարկվում է ընթերցասրահ |